Loading...
Social Science | 0 | 3 | 2 | 1 | 20 | 106 | 110.00 | 0 | 2 |
History - World History | 1 | 0 | 0 | 0 | 15 | 72 | 72.00 | 1 | 1 |
Auditory Arts | 0 | 1 | 0 | 0 | 10 | 121 | 121.00 | 0 | 1 |
Fine Arts - Other Arts | 0 | 1 | 0 | 0 | 10 | 92 | 92.00 | 0 | 1 |
Literature - European Literature | 0 | 1 | 0 | 0 | 10 | 103 | 103.00 | 0 | 0 |
Other Academic | 0 | 1 | 0 | 0 | 10 | 63 | 63.00 | 0 | 1 |
Science - Biology | 0 | 2 | 2 | 0 | 10 | 104 | 111.00 | 0 | 1 |
Philosophy | 0 | 1 | 1 | 0 | 5 | 94 | 94.00 | 0 | 1 |
Beliefs | 0 | 1 | 1 | 0 | 5 | 93 | 93.00 | 1 | 1 |
Science - Physics | 0 | 0 | 0 | 0 | 0 | 0.00 | 0 | 0 | |
Science - Other Science | 0 | 1 | 2 | 0 | 0 | 120 | 120.00 | 1 | 1 |
History - Other History | 0 | 0 | 1 | 0 | -5 | 0.00 | 0 | 0 | |
Literature - American Literature | 0 | 0 | 1 | 0 | -5 | 0.00 | 0 | 0 | |
Visual Arts | 0 | 0 | 1 | 0 | -5 | 0.00 | 0 | 0 | |
History - American History | 0 | 0 | 1 | 0 | -5 | 0.00 | 0 | 0 | |
Current Events | 0 | 0 | 1 | 0 | -5 | 0.00 | 0 | 0 | |
Science - Chemistry | 0 | 0 | 2 | 0 | -10 | 0.00 | 0 | 0 | |
History - European History | 0 | 0 | 3 | 0 | -15 | 0.00 | 0 | 0 |